Advanced electronic troubleshooting (Record no. 4463)

000 -LEADER
fixed length control field 00518nam a2200193 i 4500
001 - CONTROL NUMBER
control field 4463
003 - CONTROL NUMBER IDENTIFIER
control field BD-DhUET
008 - FIXED-LENGTH DATA ELEMENTS--GENERAL INFORMATION
fixed length control field 760630s1977 vaua 001 0 eng
020 ## - INTERNATIONAL STANDARD BOOK NUMBER
International Standard Book Number 0879090022
040 ## - CATALOGING SOURCE
Original cataloging agency DLC
Transcribing agency DLC
Modifying agency BD-DhUET
082 ## - DEWEY DECIMAL CLASSIFICATION NUMBER
Classification number 623.8418
Item number CAM/1977
100 ## - MAIN ENTRY--PERSONAL NAME
Personal name Cameron, Derek
245 10 - TITLE STATEMENT
Title Advanced electronic troubleshooting
Statement of responsibility, etc. by Derek Cameron
250 ## - EDITION STATEMENT
Edition statement Ist ed.
260 ## - PUBLICATION, DISTRIBUTION, ETC. (IMPRINT)
Place of publication, distribution, etc. Verginia
Name of publisher, distributor, etc. Reston Publishing
Date of publication, distribution, etc. 1977.
300 ## - PHYSICAL DESCRIPTION
Extent ix, 325 p. :
Other physical details ill. ;
Dimensions 24 cm.
650 #0 - SUBJECT ADDED ENTRY--TOPICAL TERM
Topical term or geographic name as entry element Radio - Repairing
942 ## - ADDED ENTRY ELEMENTS (KOHA)
Koha item type General Book
Holdings
Sublocation or collection (holding branch) Piece designation (barcode) Damaged status Source of classification or shelving scheme Withdrawn status Copy number Koha normalized classification for sorting Koha full call number Shelving location Date acquired Price effective from Lost status Not for loan Location (home branch) Koha item type Koha date last seen
Central Library, BUET52446   1623_000000000000000_8418CAM197623.8418/CAM/1977Circulation section2014-11-172014-11-17  Central Library, BUETGeneral Book2014-11-17